Регионална библиотека "Любен Каравелов" - Русе

Никой не знае часа (Запис номер 326915)

MARC детайли
000 -Лидер
Контролно поле с фиксирана дължина 01093nam a2200265 a 4500
003 - Код на организацията, давaща контролен номер
Контролно поле BLK
005 - Дата и час на последна редакция
Контролно поле 20241030141740.0
008 - Елементи от данни с фиксирана дължина
fixed length control field 181130b bu ||||er|||| 00| 0 bu d
020 ## - Международен стандартен номер на книга ISBN
Международен стандартен номер на книга ISBN 9786191642731
040 ## - Източник на каталожния запис
Идентификатор на билиотеката - собственик на записа BLK
041 ## - Код за език
Код за езика на текст/звукозапис или на отделно заглавие Български
Код за езика КДБФ Български
080 ## - УДК
Текстов определител УДК Австрийска литература
УДК код - определител по УДК 821.112(436)
УДК определител -31
УДК - код + определител 821.112(436)-31
100 ## - Редна дума - Автор
Автор Фройнд, Рене
Авторска отговорност първи автор
R(LIN) 1299
139 ## - Редно поле
Редна дума Фройнд, Рене
Авторски знак Фро - Ф 85
245 ## - Сведения за заглавието
Заглавие Никой не знае часа
Редно поле (дума) Рене Фройнд ; прев. от нем. Жанина Драгостинова
260 ## - Област на издателските данни
9 (RLIN) 215899
Място на издаване, разпространение и проч. София
Име на издателя, разпространителя и проч. Enthusiast
Година на издаване 2018
Печатница София : Алианс принт
Дата на отпечатване 2018
300 ## - Физическа характеристика
Страници 240 с.
Размери/Мащаб 21 см
380 ## - Жанр
Жанр Худож. лит.
500 ## - Общи забележки
Забележка Ориг. загл.: Niemand weiß, wie spät es ist / René Freund
700 1# - Други автори (авторска отговорност)
Лично име Драгостинова, Жанина Димитрова
Дати, свързани с автора 1962 -
Друга информация Преводач от немски език
9 (RLIN) 65221
852 ## - Местоположение
Форматна сигнатура Цб 291996
999 ## - СИСТЕМНИ КОНТРОЛНИ НОМЕРА
Koha biblionumber 326915
Koha biblioitemnumber 326915
942 ## - АРТИКУЛИ
Вид на библиотечния материал Книги
Скрит в OPAC Не
Периодичен библиозапис Да
Koha issues (borrowed), all copies 6
944 ## - СЪЗДАВАНЕ И РЕДАКЦИЯ на ЗАПИСА
Създаване/Редакция Създаване
Дата на регистрацията/редакция 2018-11-30
Служител, извършил регистрацията/редакцията 30560
Статус, дата на статуса Геновева Генчева
999 ## - СИСТЕМНИ КОНТРОЛНИ НОМЕРА
Koha biblioitemnumber 326915
Наличности
Код за отписване Код за изгубен артикул Източник на класификационната схема Код за повреда Коз за рестрикции Код за отдаване Артикулен № Име на библиотеката - собственик Име на библиотеката, в която се намира в момента Статус (Текущо местоположение) Дата на вписване в системата Местоположение - отдел Цена в лева Систематично азбучна сигнатура Баркод Цена в евро Служебен тип на артикула
  Не е изгубен Universal Decimal Classification Не е повреден без рестрикции ползва се в читалня 684431 Регионална библиотека "Любен Каравелов" Русе Регионална библиотека "Любен Каравелов" Русе Хранилище 2018-12-05 Хранилище 15.00 Цб 291996 120000826073 7.67 Книги
  Не е изгубен Universal Decimal Classification Не е повреден без рестрикции заемане за дома 751360 Регионална библиотека "Любен Каравелов" Русе Регионална библиотека "Любен Каравелов" Русе Заемна - подръчен фонд 2019-12-09 Заемна - подръчен фонд 10.50 П 830-31/Ф 85 120000839599 5.37 Книги
Vip Innovations Ltd, Rousse, Bulgaria 2025